000 00607nam a2200205 i 4500
001 64581
003 ES-MaACL
005 20230906165149.0
007 t|
008 031229s1956 sp ||||1| spa d
100 1 _aFontanilles, Ramón.
_951621
245 1 3 _aEl solar /
_cRamón Fontanilles.
250 _a[1ª ed.].
260 _aBarcelona :
_bAlberti,
_c[1956] (
_eGirona :
_fIndustries Litografiques)
300 _a131 p. ;
_c16 cm.
490 1 _aNova col-lecció lletres ;
_v22
830 0 _aNova col-lecció lletres ;
_v22
_9181916
852 _aES-MaACL
_jC-13531
_bR.40846
999 _c64581
_d64581